| 000 | 00906nam a22002537a 4500 | ||
|---|---|---|---|
| 003 | URS | ||
| 005 | 20250819144947.0 | ||
| 008 | 240715b |||||||| |||| 00| 0 eng d | ||
| 020 | _a978-1-4511-9424-1 | ||
| 040 |
_erda _cURS _bEnglish |
||
| 050 | 1 | 0 |
_aRT41 _b.F962 2015 |
| 245 | 0 | 0 |
_aFundamentals of nursing made incredibly easy! / _cTracy A. Taylor. |
| 250 | _aSecond edition | ||
| 264 |
_aPhiladelphia : _bLippincott Williams & Wilkins, _c©2015. |
||
| 300 |
_aviii, 653 pages : _bcolor illustrations ; _c23 cm. |
||
| 336 |
_atext _btxt _2rdacontent |
||
| 337 |
_aunmediated _bn _2rdamedia |
||
| 338 |
_avolume _bnc _2rdacarrier |
||
| 500 | _aRev. edition of: Fundamentals of nursing / LuVerne Wolff, Marlene H. Weitzel, Elinor V. Fuerst. 6th edition 1979. | ||
| 504 | _aIncludes bibliographies and index. | ||
| 650 | 0 |
_aNursing. _91023 |
|
| 700 |
_aTaylor, Tracy A., _eauthor. _95873 |
||
| 942 |
_2lcc _cR |
||
| 999 |
_c80709 _d80708 |
||